Stolice obu Ameryk (quiz dla mojego brata) - Statystyki

Ogólne statystyki
  • Ten quiz został rozwiązany 12 razy
  • Średni wynik to 23 z 26
Statystyki odpowiedzi
Państwo Stolica % Poprawnych
Brazylia Brasilia
100%
Argentyna Buenos Aires
100%
Peru Lima
100%
Meksyk Meksyk
100%
Kanada Ottawa
100%
Chile Santiago
100%
Stany Zjednoczone Waszyngton
100%
Paragwaj Asunción
91%
Kolumbia Bogota
91%
Wenezuela Caracas
91%
Gujana Georgetown
91%
Gwatemala Gwatemala
91%
Kuba Hawana
91%
Jamajka Kingston
91%
Boliwia La Paz / Sucre
91%
Urugwaj Montevideo
91%
Panama Panama
91%
Surinam Paramaribo
91%
Ekwador Quito
91%
Kostaryka San Jose
91%
Dominikana Santo Domingo
91%
Salwador San Salwador
82%
Belize Belmopan
64%
Nikaragua Managua
64%
Haiti Port Au-Prince
64%
Honduras Tegucigalpa
64%
Nie znaleziono quizów pasujących do podanych kryteriów
Rozkład punktacji
Procent ludzi z każdym wynikiem
Percentyl według liczby udzielonych odpowiedzi
Twoja historia wyników
Nie rozwiązałeś tego quizu